Theory and Problems of Cost Accounting / (Record no. 154921)

MARC details
000 -LEADER
fixed length control field 00882nam a2200277 a 4500
008 - FIXED-LENGTH DATA ELEMENTS--GENERAL INFORMATION
fixed length control field
020 ## - INTERNATIONAL STANDARD BOOK NUMBER
International Standard Book Number 9780070110267 (hardback)
040 ## - CATALOGING SOURCE
Original cataloging agency NUST
Transcribing agency NUST
049 ## - LOCAL HOLDINGS (OCLC)
Holding library MAIN
090 ## - LOCALLY ASSIGNED LC-TYPE CALL NUMBER (OCLC); LOCAL CALL NUMBER (RLIN)
Classification number (OCLC) (R) ; Classification number, CALL (RLIN) (NR) HF5661
Local cutter number (OCLC) ; Book number/undivided call number, CALL (RLIN) POL
003 - CONTROL NUMBER IDENTIFIER
control field
005 - DATE AND TIME OF LATEST TRANSACTION
control field 20230123133813.0
100 ## - MAIN ENTRY--PERSONAL NAME
Personal name Polimeni Ralph S.,
-- author.
245 #0 - TITLE STATEMENT
Title Theory and Problems of Cost Accounting /
Statement of responsibility, etc. Ralph S Polimeni ; Sheila A. Handy & James A. Cashin.
250 ## - EDITION STATEMENT
Edition statement Third edition.
260 ## - PUBLICATION, DISTRIBUTION, ETC.
Place of publication, distribution, etc. New York :
Name of publisher, distributor, etc. McGraw Gill,
Date of publication, distribution, etc. 1984.
300 ## - PHYSICAL DESCRIPTION
Extent ix, 226 pages :
Other physical details illustrations,
Dimensions 28 cm.
336 ## - CONTENT TYPE
Content type term text
Content type code txt
Source rdacontent
337 ## - MEDIA TYPE
Media type term unmediated
Media type code n
Source rdamedia
338 ## - CARRIER TYPE
Carrier type term volume
Carrier type code nc
Source rdacarrier
500 ## - GENERAL NOTE
General note Includes index.
700 ## - ADDED ENTRY--PERSONAL NAME
Personal name Handy Sheila A.,
-- author.
700 ## - ADDED ENTRY--PERSONAL NAME
Personal name Cashin, James A.,
-- author.
907 ## - LOCAL DATA ELEMENT G, LDG (RLIN)
a .b10134037
b 06-09-22
c 25-08-04
942 ## - ADDED ENTRY ELEMENTS (KOHA)
Koha item type Ordinary Loan Books
Call number prefix HF5661
Call number suffix POL
Holdings
Date last seen Total Checkouts Full call number Barcode Cost, replacement price Price effective from Koha item type Lost status Source of classification or shelving scheme Damaged status Not for loan Collection Withdrawn status Home library Current library Shelving location Date acquired Cost, normal purchase price
01/23/2023 51 HF5661 POL 92003005816 80.00 01/23/2023 BOOKS   LCC     NFIC   MAIN MAIN GEN 01/23/2023 80.00